Technology choice : (Record no. 542218)
[ view plain ]
| 000 -LEADER | |
|---|---|
| fixed length control field | 00552cam a2200145 a 4500 |
| 020 ## - INTERNATIONAL STANDARD BOOK NUMBER | |
| International Standard Book Number | 0813378060 (alk. paper) |
| 082 0# - DEWEY DECIMAL CLASSIFICATION NUMBER | |
| Classification number | 338.9/27 |
| Author Mark | WIL |
| -- | D |
| 100 1# - MAIN ENTRY--PERSONAL NAME | |
| Personal name | Willoughby, Kelvin W. |
| 9 (RLIN) | 37320 |
| 245 10 - TITLE STATEMENT | |
| Title | Technology choice : |
| Remainder of title | a critique of the appropriate technology movement / |
| Statement of responsibility, etc. | Kelvin W. Willoughby. |
| 260 ## - PUBLICATION, DISTRIBUTION, ETC. | |
| Place of publication, distribution, etc. | Boulder : |
| Name of publisher, distributor, etc. | Westview Press ; |
| Place of publication, distribution, etc. | London : |
| Name of publisher, distributor, etc. | Intermediate Technology Publications, |
| Date of publication, distribution, etc. | 1990. |
| 300 ## - PHYSICAL DESCRIPTION | |
| Extent | xii, 350 p. : |
| Other physical details | ill. ; |
| Dimensions | 23 cm. |
| 526 ## - STUDY PROGRAM INFORMATION NOTE | |
| Program name | 0 |
| Interest level | 0 |
| Reading level | 0 |
| Title point value | 338_927000000000000_WIL |
| 650 #0 - SUBJECT ADDED ENTRY--TOPICAL TERM | |
| Topical term or geographic name entry element | Appropriate technology. |
| 9 (RLIN) | 4905 |
| 942 ## - ADDED ENTRY ELEMENTS (KOHA) | |
| Source of classification or shelving scheme | |
| Koha item type | Book |
| Withdrawn status | Lost status | Source of classification or shelving scheme | Damaged status | Not for loan | Permanent Location | Current Location | Date acquired | Total Checkouts | Full call number | Barcode | Date last seen | Copy number | Price effective from | Koha item type |
|---|---|---|---|---|---|---|---|---|---|---|---|---|---|---|
| Military College of Engineering (MCE) | Military College of Engineering (MCE) | 09/26/2013 | 338.9/27 WIL | MCE-42597 | 09/26/2013 | 1 | 09/26/2013 | Book |
